Textbook of Veterinary Surgical Nursing/ (Record no. 1143)

MARC details
000 -LEADER
fixed length control field 00568nam a22001937a 4500
005 - DATE AND TIME OF LATEST TRANSACTION
control field 20240503080634.0
008 - FIXED-LENGTH DATA ELEMENTS--GENERAL INFORMATION
fixed length control field 240503b |||||||| |||| 00| 0 eng d
020 ## - INTERNATIONAL STANDARD BOOK NUMBER
International Standard Book Number 9780750688130
040 ## - CATALOGING SOURCE
Original cataloging agency KMU
Transcribing agency KMU
Modifying agency KMU
050 ## - LIBRARY OF CONGRESS CALL NUMBER
Classification number SF 911 Tex
245 ## - TITLE STATEMENT
Title Textbook of Veterinary Surgical Nursing/
Statement of responsibility, etc. Edited by Carole Martin and Jo Masters
260 ## - PUBLICATION, DISTRIBUTION, ETC.
Place of publication, distribution, etc. London ;
Name of publisher, distributor, etc. Elsevier ,
Date of publication, distribution, etc. 2007.
300 ## - PHYSICAL DESCRIPTION
Extent xi,356 pages :
Other physical details illus ;
Dimensions 25 cm.
500 ## - GENERAL NOTE
General note includes an index
650 ## - SUBJECT ADDED ENTRY--TOPICAL TERM
Topical term or geographic name entry element Animal Disease Surgery
700 ## - ADDED ENTRY--PERSONAL NAME
Personal name Martin Carole
700 ## - ADDED ENTRY--PERSONAL NAME
Personal name Masters Jo
942 ## - ADDED ENTRY ELEMENTS (KOHA)
Source of classification or shelving scheme Library of Congress Classification
Koha item type Non-Fiction
Suppress in OPAC No
Holdings
Withdrawn status Lost status Source of classification or shelving scheme Damaged status Not for loan Collection Home library Current library Shelving location Date acquired Source of acquisition Total Checkouts Full call number Barcode Date last seen Price effective from Koha item type
    Library of Congress Classification     Non-fiction Kapasa Makasa University Kapasa Makasa University Open Access 03.05.2024 Book Aid   SF 911 Tex 740845 03.05.2024 03.05.2024 Non-Fiction